Economy of Permanence (Record no. 20889)

000 -LEADER
fixed length control field 00374nam a22001337a 4500
008 - FIXED-LENGTH DATA ELEMENTS--GENERAL INFORMATION
fixed length control field 210915b ||||| |||| 00| 0 eng d
082 ## - DEWEY DECIMAL CLASSIFICATION NUMBER
Edition number 23
Classification number 330.16
Item number KUM
100 ## - MAIN ENTRY--PERSONAL NAME
Personal name Kumarappa, J. C.
245 ## - TITLE STATEMENT
Title Economy of Permanence
Statement of responsibility, etc. Kumarappa, J. C.
260 ## - PUBLICATION, DISTRIBUTION, ETC. (IMPRINT)
Place of publication, distribution, etc. Varanasi
Name of publisher, distributor, etc. Sarva Seva Sangh Prakashan
Date of publication, distribution, etc. 2010
300 ## - PHYSICAL DESCRIPTION
Extent viii, 200p.;
Dimensions 23cm.
650 ## - SUBJECT ADDED ENTRY--TOPICAL TERM
Source of heading or term Sociology
942 ## - ADDED ENTRY ELEMENTS (KOHA)
Source of classification or shelving scheme
Koha item type Books
Holdings
Withdrawn status Lost status Source of classification or shelving scheme Materials specified (bound volume or other part) Damaged status Not for loan Collection code Permanent location Current location Shelving location Date acquired Coded location qualifier Full call number Barcode Date last seen Price effective from Koha item type
      PB     Economics Section Maulana Azad Central Library Maulana Azad Central Library General Stacks 2021-09-15 ECO 330.16 KUM 23625 2021-11-18 2021-09-15 Books

Copyright @ USTM
Techno City, Kiling Road, Baridua, 9th Mile,
Ri-Bhoi, Meghalaya-793101

Powered by Koha